000 00510nam a2200193Ia 4500
005 20260120131244.0
008 008 260114s9999 xx 000 0 eng d
020 _a9780191808814
037 _aEBOOK
040 _aCRL
_beng
_cCRL
041 _aeng
_2eng
084 _qCRL
100 _aKisery
_9924802
245 0 _aHamlets Moment
260 _bOxford University PressOxford University Press
_c2016
856 _uhttps://academic.oup.com/book/8569
942 _cEBOOK
999 _c1516716
_d1516716